LEADER 01573nam a2200373 a 4500 001 000000130485 003 CaOOAMICUS 005 20120928111805.0 008 120928s2012 it u001 u ita r 020 $a978-88-452-7102-1 040 $aPUL$bita 041 1 $aita$aeng$heng 082 04$a190 100 1 $aNiebuhr, Reinhold,$d1892-1971.$0(OLS)http://pul/name/15673 240 10$aIrony of American history.$lItaliano.$0(OLS)http://pul/title/164915 245 12$aL'ironia della storia americana /$cReinhold Niebuhr ; introduzione, traduzione, note e apparati di Alessandro Aresu. 260 $aMilano :$bBompiani,$c2012. 300 $a466 p. ;$c22 cm 490 1 $aBompiani Il pensiero occidentale 500 $aInclude indici. 504 $aBibliografia nelle note dell'introduzione. 546 $aTesto inglese a fronte. 651 4$aStati Uniti$xStoria.$0(OLS)http://pul/subject/19707 700 1 $aAresu, Alessandro,$b1983-$0(OLS)http://pul/name/69439 830 0$aBompiani Il pensiero occidentale.$0(OLS)http://pul/title/99836 850 $aPUL 852 $aPUL$W1$xSL Filosofia 3$y81$m190 COLL 2.160$j150990$qDDC 21$q $B149600$CPULBib$Z2$F149600 $H120890 $81 941 1 $a9 983 3$aIl pensiero occidentale (Bompiani) 996 $6020$a978-88-452-7102-1$9(OLS)http://pul/number/150597 996 $6082$a190$9(OLS)http://pul/classification/123 996 $6245$aL'ironia della storia americana$9(OLS)http://pul/title/164916 996 $6260$aMilano :$bBompiani$9(OLS)http://pul/publisher/48240 LEADER 01459nam a2200289 u 4500 001 000000115869 003 CaOOAMICUS 005 20090526172807.0 008 090526s2009 it u000 u ita r 020 $z978-88-10-20350-7* 040 $aPUL$bita$dLDB 110 2 $aCaritas Italiana.$0(OLS)http://pul/name/29921 245 13$aLa Chiesa della carità :$bmiscellanea in onore di mons. Giovanni Nervo /$cCaritas Italiana ; presentazione di mons. Giuseppe Merisi ; introduzione di mons. Vittorio Nozza ; a cura di Giancarlo Perego. 260 $aBologna :$bEDB,$cc2009. 300 $a349 p. ;$c21 cm 490 1 $aFede e annuncio : ricerche di teologia pastorale ;$v60 504 $aBibliografia in nota. 600 14$aNervo, Giovanni,$csac.,$d1918-$0(OLS)http://pul/subject/35388 650 4$aCarità$zItalia.$0(OLS)http://pul/subject/35389 700 1 $aPerego, Giancarlo,$csacerdote,$d1960-$0(OLS)http://pul/name/28410 830 0$aFede e annuncio : ricerche di teologia pastorale (EDB) ;$v60.$0(OLS)http://pul/title/60847 850 $aPUL 852 $aPUL$W1$xSL Religione 3$y85$m261. 8 CARIT 2$j132769$qDDC 21$B131765$CPULBib$Z2$F131765 $H110444 $82 941 1 $a9 996 $6020$z978-88-10-20350-7*$9(OLS)http://pul/number/140865 996 $6245$aLa Chiesa della carità :$bmiscellanea in onore di mons. Giovanni Nervo$9(OLS)http://pul/title/145601 996 $6260$aBologna :$bEDB$9(OLS)http://pul/publisher/56073